LEADER 01431nam 2200421 450 001 996464531603316 005 20220705134129.0 010 $a3-030-88483-X 035 $a(CKB)5140000000013015 035 $a(MiAaPQ)EBC6747895 035 $a(Au-PeEL)EBL6747895 035 $a(OCoLC)1276776902 035 $a(PPN)258296135 035 $a(EXLCZ)995140000000013015 100 $a20220705d2021 uy 0 101 0 $aeng 135 $aurcnu|||||||| 181 $ctxt$2rdacontent 182 $cc$2rdamedia 183 $acr$2rdacarrier 200 00$aNatural language processing and Chinese computing $e10th CCF International Conference, NLPCC 2021, Qingdao, China, October 13-17, 2021 : proceedings, Part II /$fLu Wang [and three others], editors 210 1$aCham, Switzerland :$cSpringer,$d[2021] 210 4$dİ2021 215 $a1 online resource (647 pages) 225 1 $aLecture notes in computer science ;$v13029 311 $a3-030-88482-1 410 0$aLecture notes in computer science ;$v13029. 606 $aNatural language processing (Computer science)$vCongresses 615 0$aNatural language processing (Computer science) 676 $a006.35 702 $aWang$b Lu$c(Illustrator), 801 0$bMiAaPQ 801 1$bMiAaPQ 801 2$bMiAaPQ 906 $aBOOK 912 $a996464531603316 996 $aNatural Language Processing and Chinese Computing$91912515 997 $aUNISA LEADER 01933oas 2200697 a 450 001 9910893274203321 005 20260218112742.0 011 $a4196-4600 035 $a(DE-599)ZDB2233837-8 035 $a(OCoLC)50928565 035 $a(CONSER)cn2002704214 035 $a(CKB)991042735570518 035 $a(DE-599)2233837-8 035 $a(EXLCZ)99991042735570518 100 $a20021105a20029999 sa a 101 0 $aeng 135 $aurcn||||||||| 181 $ctxt$2rdacontent 182 $cc$2rdamedia 183 $acr$2rdacarrier 200 10$aEnergy statistics handbook 210 $aOttawa $cStatistics Canada$dİ2000- 300 $aTitle from title screen (viewed Sept. 30, 2002). 300 $aArchived by the National Library of Canada. 311 08$a1496-4600 531 0 $aEnergy stat. handb. 606 $aPower resources$zCanada$vStatistics$vPeriodicals 606 $aRessources e?nerge?tiques$zCanada$vStatistiques$vPe?riodiques 606 $aPower resources$2fast$3(OCoLC)fst01074275 607 $aCanada$2fast$1https://id.oclc.org/worldcat/entity/E39PBJkMHVW4rfVXPrhVP4VwG3 608 $aPeriodicals.$2fast 608 $aStatistics.$2fast 615 0$aPower resources 615 6$aRessources e?nerge?tiques 615 7$aPower resources. 676 $a333.79/0971/021 712 02$aStatistics Canada.$bCurrent Investment Indicators Section. 801 0$bNLC 801 1$bNLC 801 2$bOCLCQ 801 2$bDLC 801 2$bOCLCQ 801 2$bHEBIS 801 2$bMNU 801 2$bOCLCF 801 2$bOCLCO 801 2$bOCLCQ 801 2$bNLC 801 2$bVT2 801 2$bOCLCQ 801 2$bCEF 801 2$bOCLCQ 801 2$bNLC 801 2$bOCLCL 801 2$bLIP 801 2$bOCLCQ 801 2$bSFB 906 $aJOURNAL 912 $a9910893274203321 996 $aEnergy statistics handbook$94233547 997 $aUNINA